[Event "Maia op"]
[Site "Maia"]
[Date "2024.08.30"]
[Round "8"]
[White "Matos, Joao Guilherme Oliv"]
[Black "Alves, Damiao Fernando"]
[Result "1-0"]
[WhiteElo "1763"]
[BlackElo "1602"]
[PlyCount "97"]
[EventDate "2024.08.23"]
[EventType "swiss"]
[EventRounds "9"]
[EventCountry "POR"]
[SourceTitle "CBM 221 Extra"]
[Source "ChessBase"]
[SourceDate "2024.09.30"]
[SourceVersion "1"]
[SourceVersionDate "2024.09.30"]
[SourceQuality "1"]

1. Nf3 Nf6 2. d4 g6 3. Nc3 Bg7 4. e4 d6 5. h3 0-0 6. Be3 Nbd7 7. Qd2 e5 8. dxe5 Nxe5 9. Nxe5 dxe5 10. Bc4 Qxd2+ 11. Bxd2 c6 12. a4 Ne8 13. Be3 Nc7 14. 0-0-0 Be6 15. Bxe6 Nxe6 16. Rd7 b6 17. Rhd1 Rfd8 18. Rxd8+ Rxd8 19. Rxd8+ Nxd8 20. a5 bxa5 21. Bxa7 Bf8 22. Be3 Nb7 23. Na4 f5 24. exf5 gxf5 25. Kd2 Kf7 26. Kd3 Ke6 27. f3 h5 28. b3 f4 29. Bf2 Kf5 30. Nc3 Ba3 31. Ne4 Nd6 32. Be1 Nb7 33. Kc4 Ke6 34. Bf2 Kd7 35. Nc5+ Kc8 36. Nxb7 Kxb7 37. Be1 Ka6 38. Bc3 Bd6 39. Kd3 c5 40. Ke4 Kb5 41. Kd5 Bc7 42. Bd2 Kb6 43. c4 Bb8 44. Bc3 Bc7 45. Bxe5 Bxe5 46. Kxe5 a4 47. bxa4 Ka5 48. Kd6 Kb4 49. Kd5 1-0

[Event "Maia op"]
[Site "Maia"]
[Date "2024.08.27"]
[Round "5"]
[White "Costa, Gil"]
[Black "Matos, Joao Guilherme Oliv"]
[Result "0-1"]
[WhiteElo "1551"]
[BlackElo "1763"]
[PlyCount "94"]
[EventDate "2024.08.23"]
[EventType "swiss"]
[EventRounds "9"]
[EventCountry "POR"]
[SourceTitle "CBM 221 Extra"]
[Source "ChessBase"]
[SourceDate "2024.09.30"]
[SourceVersion "1"]
[SourceVersionDate "2024.09.30"]
[SourceQuality "1"]

1. e4 e6 2. d4 d5 3. exd5 exd5 4. Nf3 Bd6 5. Bd3 Ne7 6. Be3 Nbc6 7. c3 Be6 8. Nbd2 Qd7 9. Qe2 f6 10. h3 Bf5 11. Bxf5 Qxf5 12. Nb3 0-0 13. 0-0 b6 14. Rad1 Ng6 15. Qd3 Qxd3 16. Rxd3 Rfe8 17. Re1 Kf7 18. Rdd1 Re6 19. g3 Rae8 20. Nbd2 Bxg3 21. fxg3 Rxe3 22. Rxe3 Rxe3 23. Kf2 Re8 24. a3 Nd8 25. c4 c6 26. b4 Nb7 27. b5 cxb5 28. cxd5 Nd6 29. Rc1 Rc8 30. Re1 Ne7 31. Re6 Rd8 32. Ne4 Nxe4+ 33. Rxe4 Nxd5 34. Re2 Rc8 35. Rb2 a6 36. Rb3 Rc2+ 37. Kf1 Rc3 38. Rxc3 Nxc3 39. Ne1 Ke6 40. Kf2 Ne4+ 41. Kf3 Kd5 42. Nc2 a5 43. h4 Nd2+ 44. Ke3 Nc4+ 45. Kd3 h5 46. Kc3 Nd6 47. Kd3 Nf5 0-1

[Event "Maia op"]
[Site "Maia"]
[Date "2024.08.23"]
[Round "1"]
[White "Borges, Afonso Maria de Alm"]
[Black "Matos, Joao Guilherme Oliv"]
[Result "0-1"]
[WhiteElo "1541"]
[BlackElo "1763"]
[PlyCount "66"]
[EventDate "2024.08.23"]
[EventType "swiss"]
[EventRounds "9"]
[EventCountry "POR"]
[SourceTitle "CBM 221 Extra"]
[Source "ChessBase"]
[SourceDate "2024.09.30"]
[SourceVersion "1"]
[SourceVersionDate "2024.09.30"]
[SourceQuality "1"]

1. d4 Nf6 2. Bg5 e6 3. e3 h6 4. Bxf6 Qxf6 5. Bd3 b6 6. Nd2 Bb7 7. Ngf3 d6 8. 0-0 Nd7 9. e4 e5 10. c3 g6 11. Re1 Bg7 12. Qa4 Qe7 13. Rac1 0-0 14. b4 a5 15. b5 Rfe8 16. Qc4 Nf8 17. d5 Rac8 18. a4 Nh7 19. h3 Ng5 20. Nh2 Rf8 21. Rf1 Rce8 22. Rce1 Bc8 23. Ndf3 Nxf3+ 24. Nxf3 f5 25. Nh2 f4 26. Be2 h5 27. Qd3 Qf7 28. g4 fxg3 29. Qxg3 Kh7 30. Nf3 Bh6 31. h4 Qf4 32. Qxf4 Rxf4 33. Bd1 Bh3 0-1

[Event "POR-ch U16"]
[Site "Luso"]
[Date "2016.07.20"]
[Round "1"]
[White "Matos, Joao Guilherme Oliv"]
[Black "Mesquita, Goncalo Sincero Cos"]
[Result "1-0"]
[WhiteElo "1568"]
[BlackElo "1202"]
[PlyCount "117"]
[EventDate "2016.07.20"]
[EventType "swiss"]
[EventRounds "7"]
[EventCountry "POR"]
[SourceTitle "EXT 2018"]
[Source "ChessBase"]
[SourceDate "2017.10.13"]
[SourceVersion "1"]
[SourceVersionDate "2017.10.13"]
[SourceQuality "1"]

1. e4 c5 2. Nf3 Nc6 3. Bb5 g6 4. 0-0 Bg7 5. Nc3 e5 6. d3 Nge7 7. Re1 0-0 8. Bg5 Qb6 9. Bxc6 Nxc6 10. Rb1 f6 11. Be3 d6 12. h3 Nd4 13. Nd5 Qa5 14. a3 Be6 15. c3 Nxf3+ 16. Qxf3 Bxd5 17. exd5 Qc7 18. c4 b6 19. b4 Rab8 20. Qd1 Qd7 21. a4 Rfc8 22. b5 Qf7 23. Qd2 Rb7 24. Bh6 Bxh6 25. Qxh6 Qg7 26. Qxg7+ Rxg7 27. Ra1 Rb7 28. a5 Ra8 29. axb6 Rxb6 30. Ra5 a6 31. Rea1 Kf8 32. Rxa6 Rbxa6 33. Rxa6 Rb8 34. Rxd6 Ke7 35. Rc6 f5 36. Kf1 Ra8 37. Ra6 Rb8 38. Ke2 g5 39. Re6+ Kd7 40. Rxe5 Re8 41. Rxe8 Kxe8 42. d4 cxd4 43. Kd3 h5 44. Kxd4 Kd7 45. c5 Kc7 46. d6+ Kd7 47. Kd5 g4 48. c6+ Kd8 49. b6 gxh3 50. gxh3 h4 51. b7 Ke8 52. b8Q+ Kf7 53. Qc7+ Kg6 54. Qe7 f4 55. c7 f3 56. c8R Kf5 57. Rf8+ Kg6 58. Qf6+ Kh5 59. Rh8# 1-0

[Event "POR-ch U16"]
[Site "Luso"]
[Date "2015.07.26"]
[Round "7"]
[White "Sousa, Joao Filipe Viana D"]
[Black "Matos, Joao Guilherme Oliv"]
[Result "1/2-1/2"]
[WhiteElo "1554"]
[BlackElo "1370"]
[PlyCount "78"]
[EventDate "2015.07.22"]
[EventType "swiss"]
[EventRounds "7"]
[EventCountry "POR"]
[SourceTitle "EXT 2018"]
[Source "ChessBase"]
[SourceDate "2017.10.13"]
[SourceVersion "1"]
[SourceVersionDate "2017.10.13"]
[SourceQuality "1"]

1. d4 d5 2. c4 e6 3. Nf3 Nf6 4. Bg5 Be7 5. Nc3 0-0 6. e3 Nbd7 7. Bd3 dxc4 8. Bxc4 b6 9. 0-0 Bb7 10. Rc1 c5 11. Qe2 cxd4 12. Nxd4 Nc5 13. Rfd1 Nd5 14. Bxe7 Qxe7 15. Nb3 Nxc3 16. Rxc3 Nxb3 17. Bxb3 Rfd8 18. Rcd3 Rxd3 19. Qxd3 g6 20. f3 Qg5 21. e4 Qc5+ 22. Qd4 Qxd4+ 23. Rxd4 Bc6 24. Kf2 Kf8 25. Ke3 Ke7 26. g3 Rd8 27. f4 Rxd4 28. Kxd4 Kf6 29. Bc2 h6 30. h4 h5 31. b4 a6 32. a4 Bd7 33. Bd3 Bxa4 34. Bxa6 Be8 35. Bb7 Ke7 36. Ke5 f6+ 37. Kd4 Kd8 38. e5 f5 39. Ba6 Kc7 1/2-1/2

[Event "Gaia Profigaia op 8th"]
[Site "Vila Nova de Gaia"]
[Date "2015.06.30"]
[Round "6"]
[White "Fernandes, Tiago Saraiva"]
[Black "Matos, Joao Guilherme Oliv"]
[Result "1-0"]
[WhiteElo "1719"]
[BlackElo "1370"]
[PlyCount "109"]
[EventDate "2015.06.27"]
[EventType "swiss"]
[EventRounds "9"]
[EventCountry "POR"]
[SourceTitle "EXT 2018"]
[Source "ChessBase"]
[SourceDate "2017.10.13"]
[SourceVersion "1"]
[SourceVersionDate "2017.10.13"]
[SourceQuality "1"]

1. e4 e5 2. f4 exf4 3. Nf3 Nc6 4. d4 d6 5. Bxf4 Bg4 6. Bc4 Qf6 7. Be3 Bxf3 8. gxf3 0-0-0 9. Nc3 Nge7 10. Rf1 g6 11. Qd2 Bg7 12. 0-0-0 Rhf8 13. Kb1 Qh4 14. Bb5 Qh5 15. d5 Ne5 16. Qd4 a6 17. Be2 c5 18. dxc6 N7xc6 19. Qa4 Qh4 20. f4 Ng4 21. Bb6 Bxc3 22. Bxd8 Rxd8 23. Bxg4+ Qxg4 24. bxc3 Qh3 25. Qc4 Qe6 26. Qd3 h5 27. f5 Qe5 28. Qc4 Rd7 29. fxg6 fxg6 30. Qg8+ Kc7 31. Rf7 Qxc3 32. Rxd7+ Kxd7 33. Qf7+ Ne7 34. Qb3 Qxb3+ 35. axb3 Ke6 36. Kb2 Ke5 37. Kc3 g5 38. Kd3 Ng6 39. Ke3 Nf4 40. Rd2 h4 41. Rf2 b6 42. c3 a5 43. c4 h3 44. Rd2 Ng2+ 45. Kf3 Ne1+ 46. Kg3 Kxe4 47. Re2+ Kd4 48. Rxe1 Kc3 49. Re6 Kxb3 50. Rxd6 a4 51. Rxb6+ Ka2 52. c5 a3 53. c6 g4 54. c7 Ka1 55. c8Q 1-0